Statistics for Movies Set in Japan

Click here to take the quiz!

General Stats

  • This quiz has been taken 22 times
  • The average score is 7 of 20

Answer Stats

DescriptionMovie% Correct
American nuclear weapons testing results in the creation of an unstoppable beastGodzilla
78%
American military general allies with the Samurai to fight the EmperorThe Last Samurai
67%
Two strangers form an unlikely bond in TokyoLost in Translation
67%
The life of a girl who becomes a highly celebrated traditional hostessMemoirs of a Geisha
61%
Viewers are rumored to be killed after they watch a weird video tapeRing
61%
A poor villager employs unemployed samurais to help them defend themselvesSeven Samurai
50%
Teenager moves to Japan with his father to avoid a jail sentence in America - he later
becomes a major competitor in the world of drift racing
The Fast and the
Furious: Tokyo Drift
50%
X-Men member comes to Japan to meet an old friend whose life he saved years agoThe Wolverine
44%
The story of the decisive WWII battle on which an American flag is famously raisedLetters from Iwo Jima
44%
10 years old girl wanders into a world ruled by gods, witches, and spiritsSpirited Away
33%
Ninth-grade students are forced to kill each other on and island by the Japanese stateBattle Royale
28%
An old couple visit their children and grandchildren in the city, but receive little attentionTokyo Story
17%
A family of small-time crooks take in a child they find outside in the coldShoplifters
17%
Unconfident young woman is cursed with an old body by a spiteful witchHowl's Moving Castle
11%
Two girls move to the country to be with their mother, also interact with forest spiritsMy Neighbor Totoro
11%
A ronin enters a small village divided by two criminal gangsYojimbo
11%
Newly unemployed cellist takes a job preparing the dead for funeralsDepartures
6%
Two teenagers, one boy one girl, swap bodiesYour Name
0%
A family slowly disintegrates after its patriarch loses his job at a prominent companyTokyo Sonata
0%
Two families' sons from different social classes switch in the hospital after birthLike Father, Like Son
0%

Score Distribution

Percentile by Number Answered

Percent of People with Each Score

Your Score History

You have not taken this quiz